000 00894cam a2200217 4500
001 WB3835-01
008 020924n2002 000 0 eng u
035 _a(Sirsi) u119808
245 _aOccupancy costs outstrip inflation
260 _c2002
490 _aBMI News Release
_v September 2002, (2)
520 _aThe latest Quarterly Briefing of Maintenance Costs from the BMI show falling commercial rents are not being matched by reduced maintenance costs. The BMI All-in Maintenance Cost Index rose by 4.1% between the 2nd quarter of 2001 and the 2nd quarter of 2002 while retail prices only rose by 1.2% in the same period. For BCIS web site: http://www.bcis.co.uk/
590 _aWB
650 _aBMI
650 _aMAINTENANCE COST INDICES
650 _aCOMMERCIAL RENTS
650 _aOCCUPIERS
650 _aINFLATION
690 _aBUILT ENVIRONMENT-BUILDING COSTS
942 _n0
999 _c71200
_d71200